Tratado de química analítica aplicada / (Record no. 141441)

MARC details
000 -LEADER
campo de control de longitud fija 00656nam a2200193 i 4500
001 - NÚMERO DE CONTROL
campo de control 141441
003 - IDENTIFICADOR DE NÚMERO DE CONTROL
campo de control ES-MaACL
005 - FECHA Y HORA DE LA ÚLTIMA TRANSACCIÓN
campo de control 20250815111835.0
007 - CAMPO FIJO DE DESCRIPCIÓN FÍSICA--INFORMACIÓN GENERAL
campo de control de longitud fija t|
008 - DATOS DE LONGITUD FIJA--INFORMACIÓN GENERAL
campo de control de longitud fija 070924m19181919sp ||||1| spa d
100 1# - ENTRADA PRINCIPAL--NOMBRE DE PERSONA
Nombre de persona Villavecchia, Vittorio.
9 (RLIN) 115171
245 10 - MENCIÓN DEL TÍTULO
Título Tratado de química analítica aplicada /
Mención de responsabilidad, etc. Vittorio Villavecchia ; versión de José Estalella [y Graells].
260 ## - PUBLICACIÓN, DISTRIBUCIÓN, ETC.
Lugar de publicación, distribución, etc. Barcelona :
Nombre del editor, distribuidor, etc. Gustavo Gili,
Fecha de publicación, distribución, etc. 1918-1919 (
Fabricante Guinart y Pujolar)
300 ## - DESCRIPCIÓN FÍSICA
Extensión 2 v. ;
Dimensiones 25 cm.
650 17 - PUNTO DE ACCESO ADICIONAL DE MATERIA--TÉRMINO DE MATERIA
Término de materia o nombre geográfico como elemento de entrada Química analítica
Fuente del encabezamiento o término embne
9 (RLIN) 16630
700 1# - ENTRADA AGREGADA--NOMBRE PERSONAL
Nombre de persona Estalella Graells, José (
Fechas asociadas al nombre 1879-1938)
9 (RLIN) 48004
852 ## - LOCALIZACIÓN
Ubicación ES-MaACL
Número de control de estantería B-4574-75
Holdings
Estatus retirado Estado de pérdida Estado de daño No para préstamo Biblioteca de origen Biblioteca actual Ubicación en estantería Fecha de adquisición Fuente de adquisición Total de préstamos Signatura topográfica completa Código de barras Visto por última vez Precio de reemplazo Tipo de ítem Koha
        Biblioteca del Ateneo de Madrid Biblioteca del Ateneo de Madrid Sala Pardo Bazán 17/01/2008     B-4574-75 1147174 23/02/2023 23/02/2023 Libro impreso